WHEN SPARKS FLY HARNESS THE POWER OF GRO (Record no. 4801)
[ view plain ]
| 000 -LEADER | |
|---|---|
| fixed length control field | 00361nam a2200133Ia 4500 |
| 008 - FIXED-LENGTH DATA ELEMENTS--GENERAL INFORMATION | |
| fixed length control field | 240624s9999 xx 000 0 und d |
| 041 ## - LANGUAGE CODE | |
| Language code of text/sound track or separate title | eng |
| 082 ## - DEWEY DECIMAL CLASSIFICATION NUMBER | |
| Classification number | 658.4036 LEO |
| 100 ## - MAIN ENTRY--PERSONAL NAME | |
| Personal name | LEONARD DOROTHY |
| 245 ## - TITLE STATEMENT | |
| Title | WHEN SPARKS FLY HARNESS THE POWER OF GRO |
| 260 ## - PUBLICATION, DISTRIBUTION, ETC. | |
| Date of publication, distribution, etc. | 1999 |
| Place of publication, distribution, etc. | Boston |
| Name of publisher, distributor, etc. | Harvard Businesss School Press |
| 300 ## - PHYSICAL DESCRIPTION | |
| Extent | x, : 242p. ; 20cm. |
| 365 ## - TRADE PRICE | |
| Currency code | |
| Price amount | 30 |
| Withdrawn status | Lost status | Damaged status | Not for loan | Home library | Current library | Shelving location | Date acquired | Source of acquisition | Cost, normal purchase price | Total Holds | Full call number | Barcode | Date last seen | Copy number | Price effective from | Koha item type |
|---|---|---|---|---|---|---|---|---|---|---|---|---|---|---|---|---|
| IMTN | IMTN | Rack 29-A | 03/05/2007 | IBH | 14.95 | 576 | 658.4036 LEO | 4801 | 06/24/2024 | 44.28 | 06/24/2024 | Books |